000 01627cam0a2200397 4500
001 14027
003 http://www.sudoc.fr/272494100
005 20260226145801.0
010 _a9782351052129
_d10 EUR
035 _a(OCoLC)1402164521
035 _a438288
035 _a536843
073 1 _a9782351052129
090 _a14027
099 _o0
100 _a20231010h20232023m y0frey50 ba
101 0 _afre
102 _aFR
105 _ay ||||000by
181 _6z01
_ctxt
_2rdacontent
181 1 _6z01
_ai#
_bxxxe##
182 _6z01
_cn
_2rdamedia
182 1 _6z01
_an
183 1 _6z01
_anga
_2RDAfrCarrier
200 1 _aMort le soleil
_bLIVR
214 0 _cÉditions l'Oeil du prince
_dDL 2023
214 0 _aParis
215 _a1 vol. (69 p.)
215 _d20 cm
312 _aLa couv. porte en plus : "Théâtre contemporain"
323 _a1
330 _aMasculin d'aujourd'hui : père largué par sa femme. Masculin d'aujourd'hui : fils sans repères. Masculin d'aujourd'hui : intrus en lutte contre le monopole des glandes mammaires. Masculins de demain, prendrez-vous une carabine pour tirer dans la cohorte féminine ? Sur le seuil de sa perpétuité, trente ans après le drame pour lequel il a été emprisonné, un condamné livre son ultime Pater Noster. Un poèmologue qui convoque les figures d'un adolescent et de son père quinquagénaire, fanatisés par un jeune masculiniste prêchant la contre-révolution féministe.
608 _3027814157
_aThéâtre (genre littéraire) français
_2rameau
700 1 _aSoublin
_bGwendoline
_f1987-....
700 1 _3233789502
_4070
801 3 _aFR
_bAbes
_c20250602
_gAFNOR